| 000 | 01087nas a2200325 4500 | ||
|---|---|---|---|
| 001 | BR0805520 | ||
| 003 | BR-BrBNA | ||
| 005 | 20231205112438.0 | ||
| 007 | ta | ||
| 008 | 230509b bl.|||p| |||| 00| 00por d | ||
| 040 |
_aBR-BrBNA _bpor _cBiblioteca Nacional de Agricultura |
||
| 041 | _a(Pt) | ||
| 072 | _aQ03; Q04 | ||
| 100 | 1 | _aSouza, S.V.C de | |
| 100 | 1 | _aLima, J.A. | |
| 100 | 1 | _aTeodoro, J.C. | |
| 100 | 1 | _aJunqueira, R.G. | |
| 245 | 1 | _aValidação intralaboratorial de método quantitativo para determinação múltipla de resíduos de avermectinas em leite bovino por cromatografia líquida de alta eficiência com detecção de fluorescência | |
| 650 | _aLEITE | ||
| 650 | _aCROMATOGRAFIA | ||
| 650 | _aRESÍDUO | ||
| 650 | _aTÓXICO | ||
| 650 | _aESTATÍSTICA | ||
| 650 | _aMÉTODO | ||
| 650 | _aANÁLISE QUANTITATÍVA | ||
| 650 | _aMICROBIOLOGIA DE ALIMENTO | ||
| 773 | 0 |
_tCiência e Tecnologia de Alimentos (Brazil) _xISSN 0101-2061 _g(Oct-Dec 2007), v. 27(4) p. 823-836 _wBR0805520 |
|
| 909 |
_a202311 _bLúcia _c55 _dLúcia Elande |
||
| 942 |
_2AGRIS _n0 _cANA |
||
| 999 |
_c198112 _d198112 |
||